| 000 | 00530nam a2200181Ia 4500 | ||
|---|---|---|---|
| 999 |
_c29984 _d29984 |
||
| 003 | OSt | ||
| 005 | 20210106130924.0 | ||
| 008 | 190216s9999||||xx |||||||||||||| ||und|| | ||
| 020 | _a9798188014919 | ||
| 040 | _coclc | ||
| 082 |
_a894.8129 _bTHA/P |
||
| 100 |
_aThamby, Sreekumaran _97879 |
||
| 245 | 0 |
_aPrem Nazeer Enna Premaganam / _cSreekumaran Thamby |
|
| 260 |
_bLipi Publications, _c2011. _aKozhikode: |
||
| 300 | _a88p | ||
| 650 | _aSmaranakal | ||
| 942 |
_cBK _2ddc _h894.8129 _iTHA/P _k894.8129 _mTHA/P |
||